Método Loccoco avanzado: manual práctico de estilismo y cambio de imagen (Registro nro. 8383)
[ vista simple ]
| 000 -Cabecera | |
|---|---|
| Campo de control de longitud fija | 00815nam a2200313 c 4500 |
| 005 - Fecha y hora de la última transacción | |
| Campo de control | 20231212120643.0 |
| 008 - Elementos de longitud fija--Información general | |
| Campo de control de longitud fija | 131004s2013 sp a | |||| 000 0 spa |
| 020 ## - International Standard Book Number | |
| Número Internacional Estándar del Libro (ISBN) | 9788449449079 |
| 041 ## - Idioma | |
| Código de idioma | Español |
| 082 ## - Clasificación Decimal Dewey | |
| Número de clasificación | 646.72 L818m |
| 100 ## - Entrada principal--Autor personal | |
| Nombre personal | Loccoco, Alejandro |
| 9 (RLIN) | 14066 |
| 245 ## - Título propiamente dicho | |
| Título | Método Loccoco avanzado: manual práctico de estilismo y cambio de imagen |
| 260 ## - Pie de imprenta | |
| Lugar de publicación, distribución, etc. | España |
| 260 ## - Pie de imprenta | |
| Nombre del editor, distribuidor, etc. | Océano |
| 260 ## - Pie de imprenta | |
| Fecha de publicación, distribución, etc. | 2013 |
| 300 ## - Descripción física | |
| Extensión | 482 páginas |
| 505 ## - Nota de contenido | |
| Nota de contenido | Contiene DVD N° 402 |
| 650 ## - Materia general | |
| Temática (materia general) | MAQUILLAJE |
| 650 ## - Materia general | |
| Temática (materia general) | BELLEZA CORPORAL |
| 650 ## - Materia general | |
| Temática (materia general) | CAMBIO DE IMAGEN |
| 650 ## - Materia general | |
| Temática (materia general) | IMAGEN PERSONAL |
| 650 ## - Materia general | |
| Temática (materia general) | ANTROPOMETRÍA |
| 650 ## - Materia general | |
| Temática (materia general) | CARAMETRÍA |
| 650 ## - Materia general | |
| Temática (materia general) | CORTE DE CABELLO |
| 650 ## - Materia general | |
| Temática (materia general) | ACCESORIOS |
| 650 ## - Materia general | |
| Temática (materia general) | VESTIMENTA |
| 650 ## - Materia general | |
| Temática (materia general) | PRÁCTICAS DE BELLEZA |
| 942 ## - Punto de acceso adicional KOHA | |
| Tipo de ítem KOHA | Libro |
| Fuente del sistema de clasificación o colocación | Dewey Decimal Classification |
| Signatura completa | Código de barras | Tipo de ítem |
|---|---|---|
| 646.72 L818m | 21350 | Libro |